000 00344 a2200157 4500
001 61431
020 _a8508101651
040 _cAnchieta - Pituba
100 _aAratangy, Lídia Rosenberg
240 1 0 _aCorpo
_lpor
245 1 0 _aCorpo
300 _a64
362 0 _a2006
650 4 _aFisiologia humana (função), Corpo Humano
942 _cBK
999 _c61431
_d61431